000 00649pab a2200217 454500
008 180718b2006 xxu||||| |||| 00| 0 eng d
100 _aMooney, Margarita
245 _aThe Catholic Bishops conferences of the United states and France: engaging immigration as a public issue
260 _c2006
300 _ap.1455-470.
362 _aJul
650 _aChurch - France
650 _aReligion - United States
650 _aImmigration - France
650 _aImmigration - United States
650 _aReligion - France
650 _aChurch - United States
650 _aChurch
773 _aAmerican Behavioral Scientist
909 _a70266
999 _c70266
_d70266